000 00736nam a2200217Ia 4500
008 130821s1975 sp gr spa
040 _aCo-BoUCM
_bspa
041 _aspa
100 1 _aLevesque, Georges
_9155441
245 1 0 _aBergson, vida y muerte del hombre y de Dios
_cGeorges Levesque
260 _aBarcelona (España)
_bHerder
_c1975
300 _a150 páginas
490 _aBiblioteca de filosofía, 3
600 _aBergson, Henri
_d1879-1941
_9155442
600 7 _aBergson, Henri
_d1879-1941
_xPensamiento filosófico
_9155443
650 0 4 _aFilosofía francesa
_915814
650 0 4 _aFilosofía
_975
650 0 4 _aPensamiento filosófico
_921264
942 _cLIBRO
_a2
_e1
_mL39
_2DEWEY
_h194
999 _c6734
_d6734